000
00321nam a2200133Ia 4500
005
20251222155042.0
008
251222s9999||||xx |||||||||||||| ||spa||
082
_a
EMI.28
100
_a
JOHINS HOPKINS
245
0
_a
Atención primaria del recién nacido
250
_a
2da. ed.
264
_b
Harcourt Brace
942
_c
LIB
999
_c
36956
_d
36956